No I'm not in love - Tate McRae Lyrics - Statistics

General Stats
  • This quiz has been taken 31 times
  • The average score is 365 of 444
Answer Stats
Answer % Correct
I
100%
am
95%
I'm
95%
love
95%
no
95%
not
95%
you
95%
and
89%
go
89%
in
89%
think
89%
'bout
84%
don't
84%
girl
84%
it
84%
that
84%
the
84%
thinkin'
84%
to
84%
your
84%
come
79%
every
79%
eyes
79%
gonna
79%
hate
79%
it's
79%
of
79%
up
79%
we
79%
why
79%
be
74%
one
74%
times
74%
at
68%
blue
68%
has
68%
house
68%
mine
68%
six
68%
sky
68%
sleepin'
68%
sun's
68%
three
68%
told
68%
two
68%
week
68%
with
68%
would
68%
been
63%
friend
63%
me
63%
never
63%
now
63%
only
63%
same
63%
Swear
63%
'cause
58%
exes
58%
good
58%
like
58%
them
58%
yeah
58%
ain't
53%
convenient
53%
could
53%
dressin'
53%
know
53%
lookin'
53%
my
53%
oh
53%
reason
53%
say
53%
that's
53%
they
53%
babe
47%
care
47%
clothes
47%
fact
47%
feels
47%
fit
47%
got
47%
kinda
47%
matter
47%
readin'
47%
really
47%
should
47%
what
47%
advance
42%
fault
42%
if
42%
lines
42%
looks
42%
or
42%
slip
42%
somehow
42%
wasted
42%
probably
37%
taste
37%
through
37%
bothered
32%
friendses
32%
singing
32%
songs
32%
No matching quizzes found
Score Distribution
Percent of People with Each Score
Percentile by Number Answered
Your Score History
You have not taken this quiz